De la competencia administrativa (Record no. 177601)

MARC details
000 -LEADER
campo de control de longitud fija 00864nam a22002415i 4500
001 - NÚMERO DE CONTROL
campo de control 177601
003 - IDENTIFICADOR DE NÚMERO DE CONTROL
campo de control ES-MaACL
005 - FECHA Y HORA DE LA ÚLTIMA TRANSACCIÓN
campo de control 20250808081326.0
008 - DATOS DE LONGITUD FIJA--INFORMACIÓN GENERAL
campo de control de longitud fija 110405s1967 sp |||| | spa d
080 ## - NÚMERO DE LA CLASIFICACIÓN DECIMAL UNIVERSAL
Número de la Clasificación Decimal Universal 342.9(460)
080 ## - NÚMERO DE LA CLASIFICACIÓN DECIMAL UNIVERSAL
Número de la Clasificación Decimal Universal 352(460)
100 1# - ENTRADA PRINCIPAL--NOMBRE DE PERSONA
Nombre de persona Arnanz Delgado, Rafael A.
9 (RLIN) 23044
245 10 - MENCIÓN DEL TÍTULO
Título De la competencia administrativa
Resto del título : (con especial alusión a la municipal) /
Mención de responsabilidad, etc. por Rafael A. Arnanz.
260 ## - PUBLICACIÓN, DISTRIBUCIÓN, ETC.
Lugar de publicación, distribución, etc. Madrid :
Nombre del editor, distribuidor, etc. Montecorvo,
Fecha de publicación, distribución, etc. 1967.
300 ## - DESCRIPCIÓN FÍSICA
Extensión 288 p. ;
Dimensiones 25 cm.
490 1# - MENCIÓN DE SERIE
Mención de serie Monografías. Colección de estudios jurídicos ;
Designación de volumen o secuencia 17
500 ## - NOTA GENERAL
Nota general Índice.
650 07 - PUNTO DE ACCESO ADICIONAL DE MATERIA--TÉRMINO DE MATERIA
Término de materia o nombre geográfico como elemento de entrada Derecho administrativo-
Subdivisión geográfica España
Fuente del encabezamiento o término
9 (RLIN) 145992
650 04 - PUNTO DE ACCESO ADICIONAL DE MATERIA--TÉRMINO DE MATERIA
Término de materia o nombre geográfico como elemento de entrada Administración municipal-
Subdivisión geográfica España.
9 (RLIN) 9642
830 0# - PUNTO DE ACCESO ADICIONAL DE SERIE-TÍTULO UNIFORME
Título uniforme Monografías. Colección de estudios jurídicos ;
Designación de volumen o secuencia 17
9 (RLIN) 190484
852 ## - LOCALIZACIÓN
Ubicación ES-MaACL
Número de control de estantería E-14804
Encuadernación Olim P-860-bis
Holdings
Estatus retirado Estado de pérdida Estado de daño No para préstamo Biblioteca de origen Biblioteca actual Ubicación en estantería Fecha de adquisición Fuente de adquisición Total de préstamos Signatura topográfica completa Código de barras Visto por última vez Precio de reemplazo Tipo de ítem Koha
        Biblioteca del Ateneo de Madrid Biblioteca del Ateneo de Madrid Depósito 2 05/04/2011     E-14804 1186547 23/02/2023 23/02/2023 Libro impreso